000 00424cam a2200181ua 4500
020 _c5-
041 _aeng
_h
082 _a338.9
_bWAR/PL
100 _aWard, Barbara .
245 _aPlan under pressure /
_cBarbara Ward.
_hTextual Documents
250 _a1 /
_b.
260 _aMumbai :
_bAsia Publishing House ,
_c1963.
300 _a60 ; .
365 _a5-
504 _a
942 _cBK
999 _c11409
_d11409